[Event "47th GRE-chT 2019"]
[Site "Patra"]
[Date "2019.07.02"]
[Round "1.6"]
[White "Tounta, Nefeli"]
[Black "Stratigi, Evangelia"]
[Result "1/2-1/2"]
[WhiteElo "1331"]
[BlackElo "1624"]
[Annotator "NA"]
[PlyCount "85"]
[EventDate "2019.07.02"]
[EventCountry "GRE"]
[SourceTitle "playchess.com"]
[Source "ChessBase"]
[SourceQuality "1"]
[TimeControl "5400+30"]

1. d4 {[%emt 0:00:00]} Nf6 {[%emt 0:00:00]} 2. c4 {[%emt 0:00:00]} e6 {[%emt 0:00:27]} 3. Nc3 {[%emt 0:00:57]} Bb4 {[%emt 0:00:40]} 4. a3 {[%emt 0:01:13]} Bxc3+ {[%emt 0:01:08]} 5. bxc3 {[%emt 0:00:06]} b6 {[%emt 0:01:12]} 6. Bg5 {[%emt 0:08:22]} Bb7 {[%emt 0:03:46]} 7. f3 {[%emt 0:07:33]} d6 {[%emt 0:04:49]} 8. e4 {[%emt 0:04:08]} Nbd7 {[%emt 0:01:44]} 9. Bd3 {[%emt 0:06:58]} O-O {[%emt 0:03:37]} 10. Ne2 {[%emt 0:01:48]} c5 {[%emt 0:05:34]} 11. O-O {[%emt 0:04:27]} Qc7 {[%emt 0:05:55]} 12. d5 {[%emt 0:13:09]} h6 {[%emt 0:08:21]} 13. Bh4 {[%emt 0:04:18]} g5 {[%emt 0:06:01]} 14. Bg3 {[%emt 0:02:46]} e5 {[%emt 0:02:10]} 15. h4 {[%emt 0:09:12]} Nh5 {[%emt 0:02:11]} 16. hxg5 {[%emt 0:03:21]} hxg5 {[%emt 0:00:31]} 17. Kf2 {[%emt 0:01:18]} Kg7 {[%emt 0:03:14]} 18. Rh1 {[%emt 0:02:27]} Rh8 {[%emt 0:01:05]} 19. Bh2 {[%emt 0:03:07]} Qd8 {[%emt 0:05:29]} 20. Ng3 {[%emt 0:01:16]} Nxg3 {[%emt 0:06:33]} 21. Bxg3 {[%emt 0:00:16]} Rxh1 {[%emt 0:01:02]} 22. Qxh1 {[%emt 0:00:08]} Qe7 {[%emt 0:04:21]} 23. Qh3 {[%emt 0:03:08]} Rh8 {[%emt 0:02:30]} 24. Qg4 {[%emt 0:05:43]} Bc8 {[%emt 0:05:01]} 25. f4 {[%emt 0:00:40]} exf4 {[%emt 0:04:54]} 26. Bxf4 {[%emt 0:00:39]} f6 {[%emt 0:03:11]} 27. Qg3 {[%emt 0:01:29]} Kf7 {[%emt 0:01:38]} 28. Bxd6 {[%emt 0:01:10]} Qe8 {[%emt 0:04:45]} 29. Re1 {[%emt 0:01:25]} Ne5 {[%emt 0:04:31]} 30. Bxe5 {[%emt 0:00:47]} Qxe5 {[%emt 0:00:20]} 31. Qxe5 {[%emt 0:00:20]} fxe5 {[%emt 0:00:04]} 32. Rf1 {[%emt 0:02:28]} Rh4 {[%emt 0:02:48]} 33. Ke3+ {[%emt 0:04:54]} Rf4 {[%emt 0:01:49]} 34. Rxf4+ {[%emt 0:00:50]} gxf4+ {[%emt 0:00:08]} 35. Kf3 {[%emt 0:00:07]} Ke7 {[%emt 0:01:00]} 36. g3 {[%emt 0:01:06]} fxg3 {[%emt 0:00:07]} 37. Kxg3 {[%emt 0:00:06]} Kf6 {[%emt 0:01:18]} 38. Kh4 {[%emt 0:00:18]} Ke7 {[%emt 0:00:46]} 39. Be2 {[%emt 0:00:48]} Kd6 {[%emt 0:01:12]} 40. Bg4 {[%emt 0:00:00]} Ba6 {[%emt 0:00:00]} 41. Be2 {[%emt 0:00:00]} Bc8 {[%emt 0:00:00]} 42. Kg5 {[%emt 0:00:00]} Bh3 {[%emt 0:00:00]} 43. Bd3 {[%emt 0:00:00]} 1/2-1/2

[Event "47th GRE-chT 2019"]
[Site "Patra"]
[Date "2019.07.02"]
[Round "1.7"]
[White "Arapkoule, Eirini"]
[Black "Mplitsa, Artemis"]
[Result "1/2-1/2"]
[WhiteElo "1376"]
[BlackElo "1291"]
[Annotator "NA"]
[PlyCount "86"]
[EventDate "2019.07.02"]
[EventCountry "GRE"]
[SourceTitle "playchess.com"]
[Source "ChessBase"]
[SourceQuality "1"]
[TimeControl "5400+30"]

1. d4 {[%emt 0:00:00]} d5 {[%emt 0:00:00]} 2. c4 {[%emt 0:00:00]} c6 {[%emt 0:00:00]} 3. Nf3 {[%emt 0:00:00]} Nf6 {[%emt 0:00:00]} 4. e3 {[%emt 0:00:32]} e6 {[%emt 0:00:02]} 5. b3 {[%emt 0:00:23]} Nbd7 {[%emt 0:01:48]} 6. Bd3 {[%emt 0:01:28]} Bd6 {[%emt 0:04:24]} 7. O-O {[%emt 0:01:18]} O-O {[%emt 0:00:52]} 8. Nbd2 {[%emt 0:00:50]} Re8 {[%emt 0:06:36]} 9. Bb2 {[%emt 0:01:19]} e5 {[%emt 0:01:42]} 10. dxe5 {[%emt 0:00:15]} Nxe5 {[%emt 0:00:54]} 11. Nxe5 {[%emt 0:00:28]} Bxe5 {[%emt 0:00:07]} 12. Bxe5 {[%emt 0:00:16]} Rxe5 {[%emt 0:00:10]} 13. Nf3 {[%emt 0:00:20]} Re8 {[%emt 0:01:52]} 14. Qc2 {[%emt 0:01:08]} h6 {[%emt 0:08:25]} 15. h3 {[%emt 0:01:53]} Qc7 {[%emt 0:07:19]} 16. Rfd1 {[%emt 0:02:44]} dxc4 {[%emt 0:11:09]} 17. Bxc4 {[%emt 0:00:26]} Be6 {[%emt 0:01:18]} 18. Bxe6 {[%emt 0:06:25]} Rxe6 {[%emt 0:00:24]} 19. Nd4 {[%emt 0:00:27]} Rd6 {[%emt 0:05:31]} 20. Nb5 {[%emt 0:05:57]} Rxd1+ {[%emt 0:01:19]} 21. Rxd1 {[%emt 0:00:09]} Qa5 {[%emt 0:03:00]} 22. Nd6 {[%emt 0:00:44]} Qb4 {[%emt 0:08:53]} 23. Rd4 {[%emt 0:03:57]} Qb6 {[%emt 0:04:03]} 24. Qc4 {[%emt 0:01:27]} Qc7 {[%emt 0:01:45]} 25. Qd3 {[%emt 0:01:21]} Rd8 {[%emt 0:04:07]} 26. Ne4 {[%emt 0:00:51]} Re8 {[%emt 0:08:16]} 27. Nxf6+ {[%emt 0:00:20]} gxf6 {[%emt 0:00:05]} 28. Qf5 {[%emt 0:02:40]} Qe5 {[%emt 0:03:22]} 29. Qxe5 {[%emt 0:00:46]} Rxe5 {[%emt 0:02:18]} 30. Rd7 {[%emt 0:00:59]} Rb5 {[%emt 0:00:29]} 31. Kf1 {[%emt 0:00:18]} a5 {[%emt 0:01:16]} 32. Rc7 {[%emt 0:01:27]} a4 {[%emt 0:04:33]} 33. bxa4 {[%emt 0:00:55]} Rb2 {[%emt 0:00:38]} 34. a3 {[%emt 0:00:15]} Rb3 {[%emt 0:01:01]} 35. Ke2 {[%emt 0:00:13]} Rxa3 {[%emt 0:00:36]} 36. Rxb7 {[%emt 0:00:07]} Rxa4 {[%emt 0:00:07]} 37. Rc7 {[%emt 0:01:44]} Rc4 {[%emt 0:00:33]} 38. Kd3 {[%emt 0:00:16]} Rc1 {[%emt 0:00:35]} 39. f4 {[%emt 0:00:48]} Kg7 {[%emt 0:03:39]} 40. Ke4 {[%emt 0:01:15]} Rc2 {[%emt 0:04:57]} 41. g3 {[%emt 0:00:00]} Rg2 {[%emt 0:00:00]} 42. g4 {[%emt 0:00:00]} Rg3 {[%emt 0:00:00]} 43. Rxc6 {[%emt 0:00:00]} Rxh3 {[%emt 0:00:00]} 1/2-1/2

[Event "47th GRE-chT 2019"]
[Site "Patra"]
[Date "2019.07.02"]
[Round "1.7"]
[White "Kaliontzaki, Argyro Evanthia"]
[Black "Kalogeridou, Ioanna"]
[Result "1/2-1/2"]
[WhiteElo "1324"]
[BlackElo "1131"]
[Annotator "NA"]
[PlyCount "86"]
[EventDate "2019.07.02"]
[EventCountry "GRE"]
[SourceTitle "playchess.com"]
[Source "ChessBase"]
[SourceQuality "1"]
[TimeControl "5400+30"]

1. c4 {[%emt 0:00:00]} e5 {[%emt 0:00:00]} 2. g3 {[%emt 0:00:00]} Nf6 {[%emt 0:00:00]} 3. Bg2 {[%emt 0:00:00]} Bc5 {[%emt 0:00:55]} 4. Nc3 {[%emt 0:00:13]} O-O {[%emt 0:00:55]} 5. e3 {[%emt 0:00:56]} Nc6 {[%emt 0:01:04]} 6. Nge2 {[%emt 0:00:32]} d6 {[%emt 0:02:36]} 7. O-O {[%emt 0:00:57]} Bg4 {[%emt 0:03:15]} 8. h3 {[%emt 0:06:22]} Bxe2 {[%emt 0:05:35]} 9. Qxe2 {[%emt 0:01:36]} Qd7 {[%emt 0:05:50]} 10. b3 {[%emt 0:07:25]} Rab8 {[%emt 0:06:29]} 11. Bb2 {[%emt 0:03:40]} Ne7 {[%emt 0:11:26]} 12. Na4 {[%emt 0:12:31]} Bb6 {[%emt 0:16:09]} 13. Nxb6 {[%emt 0:03:51]} axb6 {[%emt 0:02:42]} 14. d4 {[%emt 0:03:06]} exd4 {[%emt 0:08:32]} 15. Bxd4 {[%emt 0:01:01]} Qe6 {[%emt 0:02:12]} 16. Qb2 {[%emt 0:14:05]} Ne8 {[%emt 0:08:55]} 17. Rad1 {[%emt 0:11:37]} Nf5 {[%emt 0:07:56]} 18. e4 {[%emt 0:02:47]} Nxd4 {[%emt 0:01:26]} 19. Qxd4 {[%emt 0:00:09]} Ra8 {[%emt 0:01:51]} 20. Qb2 {[%emt 0:05:59]} Nf6 {[%emt 0:02:15]} 21. Rfe1 {[%emt 0:04:46]} Nd7 {[%emt 0:01:53]} 22. Re2 {[%emt 0:07:11]} Nc5 {[%emt 0:02:18]} 23. Qc2 {[%emt 0:00:49]} Ra7 {[%emt 0:01:02]} 24. Rde1 {[%emt 0:01:19]} Re8 {[%emt 0:01:10]} 25. f4 {[%emt 0:04:21]} Nd7 {[%emt 0:01:55]} 26. Qc3 {[%emt 0:01:08]} Rea8 {[%emt 0:01:02]} 27. a4 {[%emt 0:03:02]} Re8 {[%emt 0:01:09]} 28. Kh2 {[%emt 0:02:53]} h6 {[%emt 0:01:11]} 29. Bf3 {[%emt 0:00:39]} Qf6 {[%emt 0:00:17]} 30. Qxf6 {[%emt 0:00:20]} Nxf6 {[%emt 0:00:08]} 31. e5 {[%emt 0:00:16]} dxe5 {[%emt 0:00:27]} 32. Rxe5 {[%emt 0:00:11]} Rd8 {[%emt 0:00:34]} 33. Re7 {[%emt 0:01:03]} c6 {[%emt 0:00:58]} 34. Rd1 {[%emt 0:00:54]} Rxd1 {[%emt 0:01:06]} 35. Bxd1 {[%emt 0:00:05]} Kf8 {[%emt 0:00:03]} 36. Re2 {[%emt 0:00:49]} Ra8 {[%emt 0:00:23]} 37. Bc2 {[%emt 0:00:37]} Rd8 {[%emt 0:00:22]} 38. g4 {[%emt 0:00:32]} g6 {[%emt 0:00:28]} 39. f5 {[%emt 0:00:40]} g5 {[%emt 0:00:39]} 40. Kg3 {[%emt 0:00:00]} Rd7 {[%emt 0:00:00]} 41. Kf3 {[%emt 0:00:00]} Ne8 {[%emt 0:00:00]} 42. Be4 {[%emt 0:00:00]} Nf6 {[%emt 0:00:00]} 43. Re3 {[%emt 0:00:00]} Kg7 {[%emt 0:00:00]} 1/2-1/2

[Event "47th GRE-chT 2019"]
[Site "Patra"]
[Date "2019.07.02"]
[Round "1.8"]
[White "Loukopoulos, Panagiotis-Athanasi"]
[Black "Karousos-Theodorakis, Nikolaos"]
[Result "1/2-1/2"]
[WhiteElo "1973"]
[BlackElo "2304"]
[Annotator "NA"]
[PlyCount "63"]
[EventDate "2019.07.02"]
[EventCountry "GRE"]
[SourceTitle "playchess.com"]
[Source "ChessBase"]
[SourceQuality "1"]
[TimeControl "5400+30"]

1. d4 {[%emt 0:00:00]} Nf6 {[%emt 0:00:00]} 2. c4 {[%emt 0:00:00]} e6 {[%emt 0:00:00]} 3. Nc3 {[%emt 0:00:00]} Bb4 {[%emt 0:00:00]} 4. g3 {[%emt 0:00:00]} d6 {[%emt 0:00:39]} 5. Bg2 {[%emt 0:00:08]} Nc6 {[%emt 0:01:10]} 6. Nf3 {[%emt 0:00:22]} O-O {[%emt 0:00:49]} 7. O-O {[%emt 0:00:27]} e5 {[%emt 0:02:20]} 8. Nd5 {[%emt 0:10:02]} Nxd5 {[%emt 0:02:51]} 9. cxd5 {[%emt 0:00:08]} Nxd4 {[%emt 0:00:57]} 10. Nxd4 {[%emt 0:00:09]} exd4 {[%emt 0:00:04]} 11. Qxd4 {[%emt 0:00:49]} Bc5 {[%emt 0:00:06]} 12. Qc3 {[%emt 0:01:05]} a5 {[%emt 0:04:59]} 13. Be3 {[%emt 0:22:33]} Bxe3 {[%emt 0:10:54]} 14. Qxe3 {[%emt 0:00:06]} Re8 {[%emt 0:00:16]} 15. Qd2 {[%emt 0:01:11]} Bd7 {[%emt 0:13:56]} 16. Rfc1 {[%emt 0:05:50]} Bb5 {[%emt 0:17:27]} 17. e3 {[%emt 0:01:07]} Qd7 {[%emt 0:05:25]} 18. Rc3 {[%emt 0:04:43]} Rac8 {[%emt 0:08:02]} 19. Rac1 {[%emt 0:07:03]} c5 {[%emt 0:02:40]} 20. dxc6 {[%emt 0:00:21]} bxc6 {[%emt 0:00:20]} 21. Rd1 {[%emt 0:14:02]} Red8 {[%emt 0:06:51]} 22. b3 {[%emt 0:06:29]} a4 {[%emt 0:02:30]} 23. b4 {[%emt 0:06:58]} Qe7 {[%emt 0:09:16]} 24. Bh3 {[%emt 0:07:45]} Rc7 {[%emt 0:00:42]} 25. Bf1 {[%emt 0:08:20]} Bxf1 {[%emt 0:00:24]} 26. Kxf1 {[%emt 0:00:04]} Qe4 {[%emt 0:02:57]} 27. Rd3 {[%emt 0:00:04]} Qh1+ {[%emt 0:04:46]} 28. Ke2 {[%emt 0:00:04]} Qxh2 {[%emt 0:00:08]} 29. Rxd6 {[%emt 0:00:08]} Qh5+ {[%emt 0:00:07]} 30. Ke1 {[%emt 0:00:51]} Qh1+ {[%emt 0:00:42]} 31. Ke2 {[%emt 0:00:07]} Qh5+ {[%emt 0:00:03]} 32. Ke1 {[%emt 0:00:03]} 1/2-1/2

[Event "47th GRE-chT 2019"]
[Site "Patra"]
[Date "2019.07.02"]
[Round "1.8"]
[White "Vallianos, Gerasimos"]
[Black "Kouskoutis, Georgios-Alexandros"]
[Result "1-0"]
[WhiteElo "1871"]
[BlackElo "2256"]
[Annotator "RC"]
[PlyCount "127"]
[EventDate "2019.07.02"]
[EventCountry "GRE"]
[SourceTitle "playchess.com"]
[Source "ChessBase"]
[SourceQuality "1"]
[TimeControl "5400+30"]

1. e4 {[%emt 0:00:00]} c5 {[%emt 0:00:35]} 2. Nf3 {[%emt 0:00:10]} e6 {[%emt 0:00:39]} 3. c4 {[%emt 0:00:17]} Nc6 {[%emt 0:01:33]} 4. Nc3 {[%emt 0:01:31]} e5 {[%emt 0:01:16]} 5. d3 {[%emt 0:01:34]} g6 {[%emt 0:09:16]} 6. Be2 {[%emt 0:00:50]} Bg7 {[%emt 0:00:43]} 7. O-O {[%emt 0:00:48]} Nge7 {[%emt 0:06:02]} 8. Nd5 {[%emt 0:04:28]} O-O {[%emt 0:04:55]} 9. Bg5 {[%emt 0:01:32]} f6 {[%emt 0:00:47]} 10. Bh4 {[%emt 0:04:38]} d6 {[%emt 0:06:31]} 11. a3 {[%emt 0:00:55]} Nxd5 {[%emt 0:00:46]} 12. cxd5 {[%emt 0:02:15]} Ne7 {[%emt 0:01:47]} 13. b4 {[%emt 0:01:32]} b6 {[%emt 0:01:47]} 14. Nd2 {[%emt 0:07:40]} g5 {[%emt 0:00:12]} 15. Bg3 {[%emt 0:00:12]} f5 {[%emt 0:10:28]} 16. h3 {[%emt 0:06:10]} Ng6 {[%emt 0:03:13]} 17. bxc5 {[%emt 0:04:58]} bxc5 {[%emt 0:07:45]} 18. Rb1 {[%emt 0:02:22]} Nf4 {[%emt 0:02:50]} 19. Nc4 {[%emt 0:10:32]} Nxe2+ {[%emt 0:00:08]} 20. Qxe2 {[%emt 0:00:20]} f4 {[%emt 0:00:06]} 21. Bh2 {[%emt 0:03:12]} f3 {[%emt 0:18:19]} 22. Qd1 {[%emt 0:07:12]} fxg2 {[%emt 0:02:47]} 23. Kxg2 {[%emt 0:02:49]} Rf6 {[%emt 0:03:25]} 24. Ne3 {[%emt 0:12:40]} h5 {[%emt 0:02:09]} 25. h4 {[%emt 0:05:03]} g4 {[%emt 0:02:39]} 26. Bg3 {[%emt 0:02:11]} Rf3 {[%emt 0:00:57]} 27. Qa4 {[%emt 0:02:27]} Bd7 {[%emt 0:00:21]} 28. Qa6 {[%emt 0:02:32]} Bf8 {[%emt 0:01:25]} 29. Nc4 {[%emt 0:08:41]} Qf6 {[%emt 0:01:45]} 30. Nd2 {[%emt 0:01:43]} Bh6 {[%emt 0:01:13]} 31. Nxf3 {[%emt 0:00:10]} gxf3+ {[%emt 0:00:59]} 32. Kh1 {[%emt 0:01:27]} Bh3 {[%emt 0:01:41]} 33. Rg1 {[%emt 0:02:04]} Kh8 {[%emt 0:02:25]} 34. Rb7 {[%emt 0:01:22]} Bg2+ {[%emt 0:00:28]} 35. Rxg2 {[%emt 0:00:04]} fxg2+ {[%emt 0:00:31]} 36. Kxg2 {[%emt 0:00:42]} Rf8 {[%emt 0:00:35]} 37. Qxa7 {[%emt 0:00:50]} Qg6 {[%emt 0:00:20]} 38. Rb8 {[%emt 0:00:32]} Rxb8 {[%emt 0:00:07]} 39. Qxb8+ {[%emt 0:00:03]} Kh7 {[%emt 0:00:00]} 40. a4 {[%emt 0:00:00]} Bf4 {[%emt 0:00:00]} 41. Qc7+ {[%emt 0:00:00]} Kh6 {[%emt 0:00:00]} 42. Qd7 {[%emt 0:00:00]} c4 {[%emt 0:00:00]} 43. Qe6 {[%emt 0:00:00]} c3 {[%emt 0:00:00]} 44. Qc8 {[%emt 0:00:00]} Qg4 {[%emt 0:00:00]} 45. Qxc3 {[%emt 0:00:00]} Bxg3 {[%emt 0:00:00]} 46. fxg3 {[%emt 0:00:00]} Qe2+ {[%emt 0:00:00]} 47. Kg1 {[%emt 0:00:00]} Qe3+ {[%emt 0:00:00]} 48. Kf1 {[%emt 0:00:00]} Qf3+ {[%emt 0:00:00]} 49. Ke1 {[%emt 0:00:00]} Qxg3+ {[%emt 0:00:00]} 50. Kd1 {[%emt 0:00:00]} Qxh4 {[%emt 0:00:00]} 51. a5 {[%emt 0:00:00]} Qd8 {[%emt 0:00:00]} 52. a6 {[%emt 0:00:00]} h4 {[%emt 0:00:00]} 53. a7 {[%emt 0:00:00]} h3 {[%emt 0:02:15]} 54. d4 {[%emt 0:01:17]} h2 {[%emt 0:00:38]} 55. Qh3+ {[%emt 0:00:04]} Kg6 {[%emt 0:00:25]} 56. Qxh2 {[%emt 0:00:59]} Qa5 {[%emt 0:00:42]} 57. Qg3+ {[%emt 0:02:49]} Kf7 {[%emt 0:02:19]} 58. Qf3+ {[%emt 0:04:35]} Ke7 {[%emt 0:00:51]} 59. dxe5 {[%emt 0:00:25]} Qa4+ {[%emt 0:00:27]} 60. Ke2 {[%emt 0:00:17]} Qa6+ {[%emt 0:00:58]} 61. Qd3 {[%emt 0:00:49]} Qxa7 {[%emt 0:00:21]} 62. exd6+ {[%emt 0:00:22]} Kd7 {[%emt 0:00:34]} 63. Qh3+ {[%emt 0:00:32]} Kxd6 {[%emt 0:00:06]} 64. Qg3+ {[%emt 0:00:40] Kxd5} 1-0

[Event "47th GRE-chT 2019"]
[Site "Patra"]
[Date "2019.07.02"]
[Round "1.9"]
[White "Damianou, Ioannis"]
[Black "Tsotras, Ioannis"]
[Result "1-0"]
[WhiteElo "2154"]
[BlackElo "1707"]
[Annotator "NA"]
[PlyCount "59"]
[EventDate "2019.07.02"]
[EventCountry "GRE"]
[SourceTitle "playchess.com"]
[Source "ChessBase"]
[SourceQuality "1"]
[TimeControl "5400+30"]

1. c4 {[%emt 0:00:00]} e5 {[%emt 0:00:00]} 2. g3 {[%emt 0:00:00]} Nc6 {[%emt 0:00:11]} 3. Bg2 {[%emt 0:00:01]} g6 {[%emt 0:00:31]} 4. Nc3 {[%emt 0:00:17]} Bg7 {[%emt 0:00:35]} 5. d3 {[%emt 0:01:30]} f5 {[%emt 0:01:54]} 6. e3 {[%emt 0:02:29]} Nf6 {[%emt 0:02:46]} 7. Nge2 {[%emt 0:01:15]} O-O {[%emt 0:01:39]} 8. O-O {[%emt 0:00:25]} d6 {[%emt 0:01:20]} 9. b3 {[%emt 0:10:43]} g5 {[%emt 0:24:14]} 10. f4 {[%emt 0:04:55]} h6 {[%emt 0:03:57]} 11. Bb2 {[%emt 0:02:46]} a6 {[%emt 0:08:54]} 12. Nd5 {[%emt 0:07:03]} Nxd5 {[%emt 0:06:03]} 13. Bxd5+ {[%emt 0:05:10]} Kh7 {[%emt 0:02:33]} 14. Qd2 {[%emt 0:00:49]} Qe8 {[%emt 0:11:56]} 15. Bg2 {[%emt 0:08:33]} Qg6 {[%emt 0:08:59]} 16. d4 {[%emt 0:05:01]} e4 {[%emt 0:03:03]} 17. d5 {[%emt 0:01:15]} Bxb2 {[%emt 0:01:44]} 18. Qxb2 {[%emt 0:00:07]} Nb4 {[%emt 0:00:13]} 19. fxg5 {[%emt 0:17:19]} hxg5 {[%emt 0:02:19]} 20. g4 {[%emt 0:00:51]} Bd7 {[%emt 0:13:58]} 21. gxf5 {[%emt 0:07:25]} Bxf5 {[%emt 0:00:07]} 22. Ng3 {[%emt 0:00:25]} Rae8 {[%emt 0:01:49]} 23. a3 {[%emt 0:04:59]} Nd3 {[%emt 0:01:06]} 24. Qd4 {[%emt 0:00:06]} Re5 {[%emt 0:01:13]} 25. Bxe4 {[%emt 0:03:09]} Bxe4 {[%emt 0:00:55]} 26. Rxf8 {[%emt 0:00:11]} Nc5 {[%emt 0:00:27]} 27. Raf1 {[%emt 0:00:50]} Nxb3 {[%emt 0:00:30]} 28. R1f7+ {[%emt 0:00:49]} Qxf7 {[%emt 0:00:29]} 29. Rxf7+ {[%emt 0:00:07]} Kg6 {[%emt 0:00:04]} 30. Qc3 {[%emt 0:01:43]} 1-0

[Event "47th GRE-chT 2019"]
[Site "Patra"]
[Date "2019.07.02"]
[Round "1.9"]
[White "Stamatiou, Rodolfos"]
[Black "Nasos, Valerios"]
[Result "1-0"]
[WhiteElo "2025"]
[BlackElo "1703"]
[Annotator "NA"]
[PlyCount "61"]
[EventDate "2019.07.02"]
[EventCountry "GRE"]
[SourceTitle "playchess.com"]
[Source "ChessBase"]
[SourceQuality "1"]
[TimeControl "5400+30"]

1. e4 {[%emt 0:00:00]} e6 {[%emt 0:00:00]} 2. d4 {[%emt 0:00:00]} d5 {[%emt 0:00:00]} 3. Nc3 {[%emt 0:00:00]} Nf6 {[%emt 0:00:00]} 4. Bg5 {[%emt 0:00:05]} Bb4 {[%emt 0:00:00]} 5. e5 {[%emt 0:00:19]} h6 {[%emt 0:00:03]} 6. Bd2 {[%emt 0:00:11]} Bxc3 {[%emt 0:00:08]} 7. Bxc3 {[%emt 0:00:46]} Ne4 {[%emt 0:00:08]} 8. Bb4 {[%emt 0:00:26]} c5 {[%emt 0:00:11]} 9. Bxc5 {[%emt 0:01:29]} Nxc5 {[%emt 0:00:08]} 10. dxc5 {[%emt 0:00:03]} Qc7 {[%emt 0:00:11]} 11. Nf3 {[%emt 0:02:44]} Nd7 {[%emt 0:00:07]} 12. Qd4 {[%emt 0:02:51]} Nxc5 {[%emt 0:04:43]} 13. Be2 {[%emt 0:02:29]} Bd7 {[%emt 0:02:39]} 14. O-O {[%emt 0:00:27]} O-O {[%emt 0:11:26]} 15. Rac1 {[%emt 0:03:20]} b5 {[%emt 0:07:55]} 16. b3 {[%emt 0:00:25]} Rfd8 {[%emt 0:03:06]} 17. Rfd1 {[%emt 0:01:54]} a5 {[%emt 0:04:59]} 18. Qh4 {[%emt 0:02:07]} Ne4 {[%emt 0:15:29]} 19. c4 {[%emt 0:00:58]} b4 {[%emt 0:04:01]} 20. cxd5 {[%emt 0:03:56]} Nc3 {[%emt 0:00:11]} 21. Bf1 {[%emt 0:00:29]} exd5 {[%emt 0:02:34]} 22. a3 {[%emt 0:05:07]} Qb7 {[%emt 0:12:17]} 23. Rd4 {[%emt 0:05:11]} Bb5 {[%emt 0:02:24]} 24. Rg4 {[%emt 0:02:11]} Kf8 {[%emt 0:10:04]} 25. axb4 {[%emt 0:02:12]} Ne2+ {[%emt 0:05:57]} 26. Bxe2 {[%emt 0:00:17]} Bxe2 {[%emt 0:00:06]} 27. Rf4 {[%emt 0:03:51]} Bxf3 {[%emt 0:04:38]} 28. gxf3 {[%emt 0:01:08]} Re8 {[%emt 0:06:39]} 29. Re1 {[%emt 0:02:33]} Re6 {[%emt 0:00:58]} 30. Qh3 {[%emt 0:07:47]} axb4 {[%emt 0:01:38]} 31. Qxe6 {[%emt 0:00:15]} 1-0

[Event "47th GRE-chT 2019"]
[Site "Patra"]
[Date "2019.07.02"]
[Round "1.10"]
[White "Makridis, Dimitrios"]
[Black "Christodoulakis, Michail"]
[Result "1-0"]
[WhiteElo "1798"]
[BlackElo "1224"]
[Annotator "NA"]
[PlyCount "33"]
[EventDate "2019.07.02"]
[EventCountry "GRE"]
[SourceTitle "playchess.com"]
[Source "ChessBase"]
[SourceQuality "1"]
[TimeControl "5400+30"]

1. e4 {[%emt 0:00:00]} e5 {[%emt 0:00:00]} 2. Nf3 {[%emt 0:00:00]} Nc6 {[%emt 0:00:00]} 3. Bc4 {[%emt 0:00:00]} Bc5 {[%emt 0:00:00]} 4. c3 {[%emt 0:00:00]} Nf6 {[%emt 0:00:52]} 5. d3 {[%emt 0:00:00]} h6 {[%emt 0:07:33]} 6. O-O {[%emt 0:02:34]} O-O {[%emt 0:00:43]} 7. h3 {[%emt 0:02:50]} a6 {[%emt 0:07:51]} 8. Bb3 {[%emt 0:01:05]} Re8 {[%emt 0:02:20]} 9. Re1 {[%emt 0:00:50]} b5 {[%emt 0:13:01]} 10. Nbd2 {[%emt 0:02:37]} Bb7 {[%emt 0:01:35]} 11. Nf1 {[%emt 0:01:45]} d6 {[%emt 0:20:34]} 12. Ng3 {[%emt 0:01:27]} Qd7 {[%emt 0:04:51]} 13. Nh2 {[%emt 0:02:24]} Rad8 {[%emt 0:04:04]} 14. Qf3 {[%emt 0:00:45]} d5 {[%emt 0:10:14]} 15. Bxh6 {[%emt 0:04:03]} Nxe4 {[%emt 0:07:47]} 16. dxe4 {[%emt 0:01:34]} dxe4 {[%emt 0:05:35]} 17. Nxe4 {[%emt 0:00:20]} 1-0